Recopilacion por órden de materias de los Fueros y observancias vigentes en el antiguo Reino de Aragon adicionada con la jurisprudencia del Tribunal Supremo de Justicia / (Record no. 161662)

MARC details
000 -LEADER
campo de control de longitud fija 00884nam a2200193 i 4500
001 - NÚMERO DE CONTROL
campo de control 161662
003 - IDENTIFICADOR DE NÚMERO DE CONTROL
campo de control ES-MaACL
005 - FECHA Y HORA DE LA ÚLTIMA TRANSACCIÓN
campo de control 20251003175636.0
008 - DATOS DE LONGITUD FIJA--INFORMACIÓN GENERAL
campo de control de longitud fija 990930s1880 sp |||| | spa d
040 ## - FUENTE DE CATALOGACIÓN
Centro catalogador/agencia de origen CCPB | B
Lengua de catalogación spa
Centro/agencia transcriptor CCPB | B
100 1# - ENTRADA PRINCIPAL--NOMBRE DE PERSONA
Nombre de persona Peña, Emilio de la.
9 (RLIN) 90216
245 10 - MENCIÓN DEL TÍTULO
Título Recopilacion por órden de materias de los Fueros y observancias vigentes en el antiguo Reino de Aragon adicionada con la jurisprudencia del Tribunal Supremo de Justicia /
Mención de responsabilidad, etc. por Emilio de la Peña ; precedida de un prólogo de Joaquín Gil Bérges.
260 ## - PUBLICACIÓN, DISTRIBUCIÓN, ETC.
Lugar de publicación, distribución, etc. Zaragoza :
Nombre del editor, distribuidor, etc. [s.n.],
Fecha de publicación, distribución, etc. 1880 (
Fabricante Imp. del Hospicio Provincial)
300 ## - DESCRIPCIÓN FÍSICA
Extensión 267 p. ;
Dimensiones 22 cm.
650 #4 - PUNTO DE ACCESO ADICIONAL DE MATERIA--TÉRMINO DE MATERIA
Término de materia o nombre geográfico como elemento de entrada Fueros-
Subdivisión geográfica Aragón.
9 (RLIN) 136142
700 1# - ENTRADA AGREGADA--NOMBRE PERSONAL
Nombre de persona Gil Bergés, Joaquín,
Fechas asociadas al nombre 1834-1920
9 (RLIN) 56772
852 ## - LOCALIZACIÓN
Ubicación ES-MaACL
Número de control de estantería T-369-F-8
Nota libre -- Enc. hol.
condición física -- Falto de la cub. original
Nota libre -- Enc. en un vol. facticio
Holdings
Estatus retirado Estado de pérdida Estado de daño No para préstamo Colección Biblioteca de origen Biblioteca actual Ubicación en estantería Fecha de adquisición Total de préstamos Signatura topográfica completa Código de barras Visto por última vez Precio de reemplazo Tipo de ítem Koha
        Colección de folletos Biblioteca del Ateneo de Madrid Biblioteca del Ateneo de Madrid Depósito folletos 17/01/2008   T-369-F-8 1169341 23/02/2023 23/02/2023 Folleto